000 01116nam a22003377a 4500
003 CHAP
005 20220329135449.0
008 971013s1951 sp a r 00010 spa d
010 _a36918
011 _a37890
035 _a42010
040 _cCHAP
082 0 4 _a639.3
_bP37
100 0 0 _aPardo García, Luis.
_985494
245 1 _aAcuicultura continental
260 _aBarcelona :
_bSalvat,
_c1951
300 _a443 p. :
_bilus.
490 0 _aColección Agrícola Salvat
590 _aBATCH-UPD
_b10
_c20130110
_lUCH01
_h1944
590 _aBATCH-UPD
_b10
_c20130410
_lUCH01
_h1307
590 _aBATCH-UPD
_b10
_c20130914
_lUCH01
_h1002
590 _aCONVERSION
_b10
_c20130109
_lUCH01
_h1321
650 1 4 _aPiscicultura.
_988531
830 0 _aColección Agrícola Salvat
_924686
901 _aBK
942 _cLIBRO
949 _a639.3 P37
_bBC
_cBPA
_d-96511
_eBPA
_h24848
_i42010
_si
_t52.00
949 _a639.3 P37
_bBC
_cBPA
_d-96512
_eBPA
_fc.2
_h24849
_i42010
_si
_t52.00
949 _a639.3 P37
_bBC
_cBPA
_d-96513
_eBPA
_fc.3
_h24850
_i42010
_si
_t52.00
949 _a639.3 P37
_bBC
_cBPA
_d-96514
_eBPA
_fc.4
_h24851
_i42010
_si
_t52.00
999 _c36918
_d36918